000 00271 a2200121 4500
001 57724
082 _a355.0092 LAN
090 _c35409
_d35409
100 _aLaning, M.B
245 _a100 Azim generals[urdu]
260 _aLahore
_bTakhliqaat
_c2003
300 _a416p
942 _aNUST-CAE
_k355.0092 LAN
999 _c292797
_d292797